| 000 -LEADER |
| fixed length control field |
02105nam a22001577a 4500 |
| 008 - FIXED-LENGTH DATA ELEMENTS--GENERAL INFORMATION |
| fixed length control field |
210723b ||||| |||| 00| 0 eng d |
| 100 ## - MAIN ENTRY--PERSONAL NAME |
| Personal name |
Williams, Richard David |
| 245 ## - TITLE STATEMENT |
| Title |
Dreams, songs and letters: Sectarian networks and musical archives in eighteenth-century north India |
| 260 ## - PUBLICATION, DISTRIBUTION, ETC. (IMPRINT) |
| Place of publication, distribution, etc |
The Indian Economic and Social History Review |
| 300 ## - PHYSICAL DESCRIPTION |
| Extent |
57(4), Oct-Dec, 2020: p.583-604 |
| 520 ## - SUMMARY, ETC. |
| Summary, etc |
Early modern poets conventionally began their compositions by praising and invoking the blessings of their higher authorities, be they their gods, gurus or courtly patrons. In the eighteenth century, North Indian society was particularly unstable, and the relationships between these different power brokers proved volatile. This article considers how intellectuals attached to religious households navigated the challenges of the period, particularly invading armies, religious reforms and forced migration. I examine the works of Vrindavandas (c. 1700–87), a Brajbhasha poet and lay devotee of the Radhavallabh Sampraday, and provide contextualised readings of two of his poems, concerned with recent history and the contemporary political climate. Vrindavandas was not a scribe or chronicler in a conventional sense; however, closer examination of his works reveals the porous boundaries between scribes-cum-recorders and other kinds of intellectuals. Here, I consider how Vrindavandas’ literary activity included copying archival sources, recording recent history, documenting dreams and emotions, and folding different senses of temporality into a single work. This article asks how far his poetic works gesture to a distinctively eighteenth-century mode of literary expression and reflexivity, and how performing these poetic archives through reading, singing, and musical accompaniment provided the sect with tools to navigate a turbulent political landscape. – Reproduced
|
| 650 ## - SUBJECT ADDED ENTRY--TOPICAL TERM |
| Topical term or geographic name as entry element |
Early modern India, Religious history, Hindi literature, Music |
| 9 (RLIN) |
25625 |
| 773 ## - HOST ITEM ENTRY |
| Main entry heading |
The Indian Economic and Social History Review |
| 906 ## - LOCAL DATA ELEMENT F, LDF (RLIN) |
| Subject DIP |
HISTORY - INDIA |
| 942 ## - ADDED ENTRY ELEMENTS (KOHA) |
| Item type |
Articles |